| Tag |
First Indicator |
Second Indicator |
Subfields |
| LEADER |
00000cam a2200000 a 4500 |
| 001 |
in00001128621 |
| 005 |
20231006190740.0 |
| 008 |
921123s1992 mx b 100 0 spa |
| 010 |
|
|
|a 92242280
|
| 019 |
|
|
|a 27761865
|
| 020 |
|
|
|a 9688423130
|
| 020 |
|
|
|a 9789688423134
|
| 029 |
1 |
|
|a NLGGC
|b 109511956
|
| 035 |
|
|
|a (OCoLC)ocm28180693
|
| 035 |
|
|
|a (OCoLC)28180693
|z (OCoLC)27761865
|
| 035 |
|
|
|a (OCoLC)ocm28180693
|
| 040 |
|
|
|a DLC
|b eng
|c DLC
|d EL$
|d CUS
|d OCLCF
|d OCLCO
|d OCLCA
|d OCLCQ
|d OCLCA
|d IL#
|d OCLCO
|
| 043 |
|
|
|a n-mx---
|
| 050 |
0 |
0 |
|a HD8116.5
|b .R45 1992
|
| 082 |
0 |
0 |
|a 331/.0972
|2 20
|
| 245 |
0 |
4 |
|a Las Relaciones laborales y el Tratado de libre comercio /
|c coordinadora, Graciela Bensusán Areous.
|
| 250 |
|
|
|a 1a. ed.
|
| 260 |
|
|
|a México :
|b Friedrich Ebert Stiftung :
|b Universidad Autónoma Metropolitana, Unidad Xochomilco :
|b FLACSO, Sede México :
|b Grupo Editorial Miguel Angel Porrúa,
|c 1992.
|
| 300 |
|
|
|a 269 pages ;
|c 21 cm.
|
| 336 |
|
|
|a text
|b txt
|2 rdacontent
|
| 337 |
|
|
|a unmediated
|b n
|2 rdamedia
|
| 338 |
|
|
|a volume
|b nc
|2 rdacarrier
|
| 490 |
1 |
|
|a Las Ciencias sociales
|
| 504 |
|
|
|a Includes bibliographical references.
|
| 520 |
8 |
|
|a Comprises 11 studies on industrial restructuring since the late 1970s and on the expected impact of the North American Free Trade Agreement on Mexican labour relations and the labour market.
|
| 650 |
|
0 |
|a Industrial relations
|z Mexico
|v Congresses.
|
| 650 |
|
0 |
|a Labor policy
|z Mexico
|v Congresses.
|
| 630 |
0 |
0 |
|a North American Free Trade Agreement
|d (1992 December 17)
|v Congresses.
|
| 650 |
|
0 |
|a Free trade
|z Mexico
|v Congresses.
|
| 650 |
|
6 |
|a Relations industrielles
|z Mexique
|v Congrès.
|
| 650 |
|
6 |
|a Travail
|x Politique gouvernementale
|z Mexique
|v Congrès.
|
| 650 |
|
6 |
|a Libre-échange
|z Mexique
|v Congrès.
|
| 630 |
0 |
7 |
|a North American Free Trade Agreement (1992 December 17)
|2 fast
|0 (OCoLC)fst01802742
|
| 650 |
|
7 |
|a Free trade.
|2 fast
|0 (OCoLC)fst00933944
|
| 650 |
|
7 |
|a Industrial relations.
|2 fast
|0 (OCoLC)fst00971609
|
| 650 |
|
7 |
|a Labor policy.
|2 fast
|0 (OCoLC)fst00990116
|
| 651 |
|
7 |
|a Mexico.
|2 fast
|0 (OCoLC)fst01211700
|
| 650 |
1 |
7 |
|a free trade area.
|2 ilot
|
| 650 |
1 |
7 |
|a trade agreement.
|2 ilot
|
| 650 |
1 |
7 |
|a labour relations.
|2 ilot
|
| 650 |
1 |
7 |
|a labour flexibility.
|2 ilot
|
| 650 |
1 |
7 |
|a industrial restructuring.
|2 ilot
|
| 650 |
1 |
7 |
|a trade union attitude.
|2 ilot
|
| 650 |
1 |
7 |
|a trend.
|2 ilot
|
| 650 |
2 |
7 |
|a case study.
|2 ilot
|
| 650 |
2 |
7 |
|a petroleum industry.
|2 ilot
|
| 650 |
2 |
7 |
|a motor vehicle industry.
|2 ilot
|
| 650 |
2 |
7 |
|a telecommunications.
|2 ilot
|
| 650 |
2 |
7 |
|a outsourcing.
|2 ilot
|
| 650 |
2 |
7 |
|a collective bargaining.
|2 ilot
|
| 650 |
2 |
7 |
|a role of USA.
|2 ilot
|
| 650 |
2 |
7 |
|a statistical table.
|2 ilot
|
| 651 |
|
7 |
|a Mexico.
|2 ilot
|
| 650 |
1 |
7 |
|a zone de libre-échange.
|2 tbit
|
| 650 |
1 |
7 |
|a accord commercial.
|2 tbit
|
| 650 |
1 |
7 |
|a relations de travail.
|2 tbit
|
| 650 |
1 |
7 |
|a flexibilité du travail.
|2 tbit
|
| 650 |
1 |
7 |
|a restructuration industrielle.
|2 tbit
|
| 650 |
1 |
7 |
|a attitude syndicale.
|2 tbit
|
| 650 |
1 |
7 |
|a tendance.
|2 tbit
|
| 650 |
2 |
7 |
|a étude de cas.
|2 tbit
|
| 650 |
2 |
7 |
|a industrie pétrolière.
|2 tbit
|
| 650 |
2 |
7 |
|a industrie du véhicule à moteur.
|2 tbit
|
| 650 |
2 |
7 |
|a télécommunications.
|2 tbit
|
| 650 |
2 |
7 |
|a externalisation des activités.
|2 tbit
|
| 650 |
2 |
7 |
|a négociation collective.
|2 tbit
|
| 650 |
2 |
7 |
|a rôle des Etats-Unis.
|2 tbit
|
| 650 |
2 |
7 |
|a tableau statistique.
|2 tbit
|
| 651 |
|
7 |
|a Mexique.
|2 tbit
|
| 650 |
1 |
7 |
|a zona de libre comercio.
|2 toit
|
| 650 |
1 |
7 |
|a convenio comercial.
|2 toit
|
| 650 |
1 |
7 |
|a relaciones laborales.
|2 toit
|
| 650 |
1 |
7 |
|a flexibilidad del trabajo.
|2 toit
|
| 650 |
1 |
7 |
|a reestructuración industrial.
|2 toit
|
| 650 |
1 |
7 |
|a actitud sindical.
|2 toit
|
| 650 |
1 |
7 |
|a tendencia.
|2 toit
|
| 650 |
2 |
7 |
|a estudio de casos.
|2 toit
|
| 650 |
2 |
7 |
|a industria del petróleo.
|2 toit
|
| 650 |
2 |
7 |
|a industria de vehículos a motor.
|2 toit
|
| 650 |
2 |
7 |
|a telecomunicaciones.
|2 toit
|
| 650 |
2 |
7 |
|a tercerización.
|2 toit
|
| 650 |
2 |
7 |
|a negociación colectiva.
|2 toit
|
| 650 |
2 |
7 |
|a papel de los EUA.
|2 toit
|
| 650 |
2 |
7 |
|a cuadros estadísticos.
|2 toit
|
| 651 |
|
7 |
|a México.
|2 toit
|
| 655 |
|
7 |
|a Conference papers and proceedings.
|2 fast
|0 (OCoLC)fst01423772
|
| 655 |
|
7 |
|a comment.
|2 ilot
|
| 655 |
|
7 |
|a reference.
|2 ilot
|
| 655 |
|
7 |
|a commentaire.
|2 tbit
|
| 655 |
|
7 |
|a référence bibliographique.
|2 tbit
|
| 655 |
|
7 |
|a comentario.
|2 toit
|
| 655 |
|
7 |
|a referencia.
|2 toit
|
| 700 |
1 |
|
|a Bensusán Areous, Graciela Irma.
|
| 776 |
0 |
8 |
|i Online version:
|t Relaciones laborales y el Tratado de libre comercio.
|b 1a. ed.
|d México : Friedrich Ebert Stiftung : Universidad Autónoma Metropolitana, Unidad Xochomilco : FLACSO, Sede México : Grupo Editorial Miguel Angel Porrúa, 1992
|w (OCoLC)654574539
|
| 830 |
|
0 |
|a Colección Las ciencias sociales.
|
| 948 |
|
|
|h HELD BY TXA - 74 OTHER HOLDINGS
|
| 994 |
|
|
|a Z0
|b TXA
|
| 999 |
f |
f |
|s b77797c1-daa4-3a41-ab37-80bd7b1dedb1
|i f5235aec-853b-3832-8add-3561c42d1a06
|t 0
|
| 952 |
f |
f |
|p ric
|a Texas A&M University
|b Rellis Campus
|c Joint Library Facility
|d Remote Storage
|t 0
|e HF1746 .R45 1992
|h Library of Congress classification
|i unmediated -- volume
|m A14817411756
|
| 998 |
f |
f |
|a HF1746 .R45 1992
|t 0
|l Remote Storage
|